• 首页
  • 本馆介绍
  • 公告通知
  • 最新文献
  • 馆藏检索
  • 电子资源
  • 读者导购
  • 参考咨询
  • 我的图书馆
  • 登录
  • 详细信息显示
  • 放入我的书架
  • 预约/预借图书
  • 作者相关作品
  • 分类相关作品
  • 丛书相关作品
  • 出版社相关作品

书目信息

  • 表格格式
  • 工作单格式
  • 卡片格式
题名:
教师职业倦怠预防
    
 
作者: 伍新春 , 张军 编著
分册:  
出版信息: 北京   中国轻工业出版社  2008
页数: 266页
开本: 25cm
丛书名: 师生心理成长丛书
单 册:
中图分类: G443
科图分类:
主题词: 教师心理学
电子资源:
ISBN: 978-7-5019-6612-7
000 00909oam2 2200277 450
001 100428514750
005 20110224091826.03
010    @a978-7-5019-6612-7@dCNY26.00
035    @a003980927
100    @a20081113d2008 em y0chiy0110 ea
101 0  @achi
102    @aCN@b110000
105    @ay z 000yy
106    @ar
200 1  @a教师职业倦怠预防@9jiao shi zhi ye juan dai yu fang@f伍新春,张军编著
210    @a北京@c中国轻工业出版社@d2008
215    @a266页@d25cm
225 2  @a师生心理成长丛书
330    @a本书共七章,内容包括关注倦怠:教师职业倦怠的生涯视角,认识倦怠:教师职业倦怠的理论探讨,SME模型:教师职业倦怠的形成机制等。
461  0 @12001 @a师生心理成长丛书
606 0  @a教师心理学
690    @aG443@v4
701  0 @a伍新春@9wu xin chun@f(1967~)@4编著
701  0 @a张军@9zhang jun@c(心理学)@4编著
801  0 @aCN@bNLC@c20110224
905    @b205975587-612@h597558-61@dG443@e188@f4
    
    教师职业倦怠预防/伍新春,张军编著.-北京:中国轻工业出版社,2008
    266页;25cm.-(师生心理成长丛书)
    
    
    ISBN 978-7-5019-6612-7:CNY26.00
    本书共七章,内容包括关注倦怠:教师职业倦怠的生涯视角,认识倦怠:教师职业倦怠的理论探讨,SME模型:教师职业倦怠的形成机制等。
●
相关链接 在E读中查询图书 在五车中查询图书 在当当中查询图书 在豆瓣中查询图书


正题名:教师职业倦怠预防     索取号:G443/188         预约/预借

序号 登录号 条形码 馆藏地/架位号 状态 备注
1 597558   205975587   第一样本阅览室/ [索取号:G443/188] 在馆    
2 597559   205975596   第四借阅区/ [索取号:G443/188] 在馆    
3 597560   205975603   第四借阅区/ [索取号:G443/188] 在馆    
4 597561   205975612   第四借阅区/ [索取号:G443/188] 在馆    
唐山师范学院图书馆 欢迎您!
大连网信软件有限公司© 版权所有